000 00320nam a22001337a 4500
008 181122b xxu||||| |||| 00| 0 eng d
020 _a9780827358393
041 _aeng
080 _212 TH
_a821
100 _a45
101 _aARK
245 _aThe Illustrated Autocad Quik Reference
_cRaphl.G
942 _2udc
_cBK
999 _c52392
_d52392